000 00369 a2200121 4500
001 ART_2238
005 20260410161724.0
008 260409a
245 1 0 _aLas empresas y la innovación
100 1 _aSamitier, María C. D. de
700 1 _aSamitier, Jorge A.
773 0 _tAdministración de empresas
_g- Año XVIII, Nº 208 (jul. 1987)
_wREV2036
999 _c17211
_d17211